Österreich in der Welt. (Record no. 3264)
[ view plain ]
| 000 -LEADER | |
|---|---|
| fixed length control field | 00798cam a22002411 4500 |
| 001 - CONTROL NUMBER | |
| control field | af 47005744 |
| 003 - CONTROL NUMBER IDENTIFIER | |
| control field | DLC |
| 005 - DATE AND TIME OF LATEST TRANSACTION | |
| control field | 20260227110833.0 |
| 008 - FIXED-LENGTH DATA ELEMENTS--GENERAL INFORMATION | |
| fixed length control field | 850827s1946 au 000 0 ger c |
| 010 ## - LIBRARY OF CONGRESS CONTROL NUMBER | |
| LC control number | af 47005744 |
| 035 ## - SYSTEM CONTROL NUMBER | |
| System control number | (OCoLC)12429499 |
| 040 ## - CATALOGING SOURCE | |
| Original cataloging agency | Harvard Univ. Library |
| Transcribing agency | TxHR |
| Modifying agency | DLC |
| 042 ## - AUTHENTICATION CODE | |
| Authentication code | premarc |
| 050 00 - LIBRARY OF CONGRESS CALL NUMBER | |
| Classification number | DB99.1 |
| Item number | .G7 |
| 100 1# - MAIN ENTRY--PERSONAL NAME | |
| Personal name | Gruber, Karl, |
| Dates associated with a name | 1909- |
| 245 10 - TITLE STATEMENT | |
| Title | Österreich in der Welt. |
| 260 ## - PUBLICATION, DISTRIBUTION, ETC. | |
| Place of publication, distribution, etc. | [Wien] |
| Name of publisher, distributor, etc. | Österreichischer Verlag, |
| Date of publication, distribution, etc. | 1946. |
| 300 ## - PHYSICAL DESCRIPTION | |
| Extent | 7, [1] p. |
| Dimensions | 21 cm. |
| 490 0# - SERIES STATEMENT | |
| Series statement | [Politische Zeitprobleme; eine Schriftenreihe. |
| Volume/sequential designation | Hft. 2] |
| 500 ## - GENERAL NOTE | |
| General note | Cover-title. |
| 500 ## - GENERAL NOTE | |
| General note | Address delivered at the University of Vienna on March 28, 1946 before the Akademische Vereinigung für Aussenpolitik. Cf. p. [1] |
| 651 #0 - SUBJECT ADDED ENTRY--GEOGRAPHIC NAME | |
| Geographic name | Austria |
| General subdivision | Foreign relations. |
No items available.